Bělorusko mimo Bělorusko : běloruští intelektuálové v meziválečném Československu /

Hlavní autor: Hlaváček, Petr, 1974-
Další autoři: Kotau, Pavel, 1986-
Jazyk: Čeština
Vydáno: Praha : Univerzita Karlova, Filozofická fakulta, 2016
Vydání: Vydání první
Témata:
Fyzický popis: 144 stran : ilustrace, portréty, faksimile ; 17 cm
Language note: Anglické resumé
Knihy
Uloženo v:
LEADER 02658nam a2200709 i 4500
001 nkc20162863207
003 CZ PrNK
005 20170110141649.0
007 ta
008 161212s2016 xr ach e 000 0ccze
015 |a cnb002863207 
020 |a 978-80-7308-687-9  |q (brožováno) 
035 |a (OCoLC)970636028 
035 |a (OCoLC)972578925 
040 |a BOA001  |b cze  |e rda 
041 0 |a cze  |b eng 
043 |a e-bw---  |a e-cs--- 
045 |a x2x4 
072 7 |a 316.7  |x Sociologie kultury. Kulturní život  |2 Konspekt  |9 1 
072 7 |a 929  |x Biografie  |2 Konspekt  |9 8 
080 |a (=161.3)  |2 MRF 
080 |a 316.344.32  |2 MRF 
080 |a 929  |2 MRF 
080 |a 314.15-026.44  |2 MRF 
080 |a 316.72/.75  |2 MRF 
080 |a (437)  |2 MRF 
080 |a (476)  |2 MRF 
080 |a (0:82-94)  |2 MRF 
080 |a (048.8)  |2 MRF 
100 1 |a Hlaváček, Petr,  |d 1974-  |7 jn20001103484  |4 aut 
245 1 0 |a Bělorusko mimo Bělorusko :  |b běloruští intelektuálové v meziválečném Československu /  |c Petr Hlaváček, Pavel Kotau 
246 3 0 |a Běloruští intelektuálové v meziválečném Československu 
250 |a Vydání první 
264 1 |a Praha :  |b Univerzita Karlova, Filozofická fakulta,  |c 2016 
300 |a 144 stran :  |b ilustrace, portréty, faksimile ;  |c 17 cm 
336 |a text  |b txt  |2 rdacontent 
337 |a bez média  |b n  |2 rdamedia 
338 |a svazek  |b nc  |2 rdacarrier 
504 |a Obsahuje bibliografii 
546 |a Anglické resumé 
648 7 |a 20. století  |7 ch460558  |2 czenas 
648 4 |a 1921-1945 
650 0 7 |a Bělorusové  |7 ph117418  |x emigrace a imigrace  |y 20. století  |2 czenas 
650 0 7 |a Bělorusové  |7 ph117418  |z Československo  |2 czenas 
650 0 7 |a intelektuálové  |7 ph121139  |z Bělorusko  |y 20. století  |2 czenas 
650 0 9 |a Belarusians  |x emigration and immigration  |y 20th century  |2 eczenas 
650 0 9 |a Belarusians  |z Czechoslovakia  |2 eczenas 
650 0 9 |a intellectuals  |z Belarus  |y 20th century  |2 eczenas 
651 7 |a Československo  |7 ge131689  |x kulturní vztahy  |2 czenas 
651 7 |a Bělorusko  |7 ge128882  |x kulturní vztahy  |y 20. století  |2 czenas 
651 9 |a Czechoslovakia  |x cultural relations  |2 eczenas 
651 9 |a Belarus  |x cultural relations  |y 20th century  |2 eczenas 
655 7 |a medailony  |7 fd185951  |2 czenas 
655 7 |a studie  |7 fd133597  |2 czenas 
655 9 |a biographical portraits  |2 eczenas 
655 9 |a studies  |2 eczenas 
700 1 |a Kotau, Pavel,  |d 1986-  |7 mzk2016936722  |4 aut 
910 2 |a BOA001  |b 1-1378.268 
990 |a BK 
995 |a 01 
991 |b 201612  |c NOV 
996 6 |b 2610690594  |c 1-1378.268  |l MZK  |r Sklad / do 1 hodiny  |n 0  |p p.v.  |w 001592391  |u 000010  |a 1  |e BOA001  |j MZK50  |s P